Асинхронный моментный электропривод с векторным управлением для имитации усилий запорной арматуры магистральных нефтепроводов: автореферат диссертации на соискание ученой степени кандидата технических наук; спец. 05.09.03

Dettagli Bibliografici
Autore principale: Ланграф С. В. Сергей Владимирович
Ente Autore: Томский политехнический университет
Altri autori: Бекишев Р. Ф. (научный руководитель)
Riassunto:Защита сост. 30.05.2007 г.
Lingua:russo
Pubblicazione: Томск, [Б. и.], 2007
Soggetti:
Natura: MixedMaterials Libro
KOHA link:https://koha.lib.tpu.ru/cgi-bin/koha/opac-detail.pl?biblionumber=118495

MARC

LEADER 00000nam0a2200000 4500
001 118495
005 20231215094049.0
035 |a (RuTPU)RU\TPU\book\128219 
090 |a 118495 
100 |a 20070613d2007 k y0rusy50 ca 
101 0 |a rus 
102 |a RU 
105 |a a dm 001zy 
200 1 |a Асинхронный моментный электропривод с векторным управлением для имитации усилий запорной арматуры магистральных нефтепроводов  |e автореферат диссертации на соискание ученой степени кандидата технических наук  |e спец. 05.09.03  |f С. В. Ланграф  |g Томский политехнический университет; науч. рук. Р. Ф. Бекишев 
210 |a Томск  |c [Б. и.]  |d 2007 
215 |a 20 с.  |c ил. 
300 |a Защита сост. 30.05.2007 г. 
320 |a Библиогр.: с. 18-20 (18 назв.). 
452 1 |0 (RuTPU)RU\TPU\book\132283  |t Асинхронный моментный электропривод с векторным управлением для имитации усилий запорной арматуры магистральных нефтепроводов  |o автореферат диссертации на соискание ученой степени кандидата технических наук  |f С. В. Ланграф  |g Томский политехнический университет; науч. рук. Р. Ф. Бекишев  |c Томск  |n Б.и.  |d 2007  |a Ланграф, Сергей Владимирович 
610 1 |a асинхронные электроприводы 
610 1 |a запорная арматура 
610 1 |a проверка 
610 1 |a испытательные стенды 
610 1 |a компоненты 
610 1 |a математические модели 
610 1 |a нагрузочные моменты 
610 1 |a нагрузки 
610 1 |a авторефераты диссертаций 
675 |a 62-83-523(04)  |v 3 
686 |a 05.09.03  |2 oksvnk 
700 1 |a Ланграф  |b С. В.  |c специалист в области электротехники  |c доцент Томского политехнического университета, кандидат технических наук  |f 1977-  |g Сергей Владимирович  |9 11751 
702 1 |a Бекишев  |b Р. Ф.  |4 727 
712 0 2 |a Томский политехнический университет  |3 (RuTPU)RU\TPU\col\376 
801 1 |a RU  |b 63413507  |c 20070613  |g PSBO 
801 2 |a RU  |b 63413507  |c 20070927  |g PSBO 
942 |c BK